000
00297nam a2200109Ia 4500
008
220204s9999 xx 000 0 und d
082
_a
030=573.14=1112
_b
MAD
100
_a
Madhavan Pillai, C
245
0
_a
NBS English Malayalam dictionary (Malayalam)
260
_a
Kottayam
_b
SPCS
_c
1966
942
_c
BK
999
_c
20697
_d
20697